Implementácia inteligentných technológií priemyslu 4.0 za účelom znižovania logistických rizík v priemyselnom podniku Whirlpool Slovakia - prípadová štúdia

Spoločnosti neustále podstupujú riziká, ktoré ohrozujú ich podnikanie, a hľadajú spôsoby, ako ich zmierniť, znížiť alebo eliminovať. Špecifikácia inteligentných technológií Priemyslu 4.0 používaných v skúmanom priemyselnom podniku na zníženie logistických rizík a identifikácia logistických rizík, kt...

Full description

Saved in:
Bibliographic Details
Main Author: Bujda, Pavol
Format: Book Chapter
Language:Slovak
Subjects:
Tags: Add Tag
No Tags, Be the first to tag this record!

MARC

LEADER 00000naa a2200000 4500
001 0314866
005 20260210105230.7
041 0 |a slo 
044 |a SK 
245 1 0 |a Implementácia inteligentných technológií priemyslu 4.0 za účelom znižovania logistických rizík v priemyselnom podniku Whirlpool Slovakia - prípadová štúdia  |c Pavol Bujda 
520 |a Spoločnosti neustále podstupujú riziká, ktoré ohrozujú ich podnikanie, a hľadajú spôsoby, ako ich zmierniť, znížiť alebo eliminovať. Špecifikácia inteligentných technológií Priemyslu 4.0 používaných v skúmanom priemyselnom podniku na zníženie logistických rizík a identifikácia logistických rizík, ktorých negatívne dopady je možné zmierniť pomocou inteligentných technológií. Výsledky ukazujú, že riadenie logistických rizík pomocou inteligentných technológií poskytuje nové príležitosti na ich zníženie a inteligentné technológie môžu výrazne znížiť alebo eliminovať logistické riziká. Výsledky výskumu potvrdili, že implementácia inteligentných technológií zvyšuje efektívnosť a účinnosť riadenia rizík v logistike v skúmanom podniku, čo môže byť odporúčaním pre ďalšie priemyselné podniky. 
610 2 0 |a riziko 
610 2 0 |a priemysel 4.0 
610 2 0 |a technológie inteligentné 
610 2 0 |a technológie nové 
610 2 0 |a implementácia 
610 2 0 |a podnikanie 
100 1 |a Bujda, Pavol